Humanismo ambiental: terceras jornadas de reflexión

Guardat en:
Dades bibliogràfiques
Format: Llibre
Idioma:espanyol
Publicat: Córdoba Academia Nacional de Derecho y Ciencias Sociales de Córdoba 2001
Matèries:
Etiquetes: Afegir etiqueta
Sense etiquetes, Sigues el primer a etiquetar aquest registre!

MARC

LEADER 00000nam a2200000 a 4500
001 UCM8725
003 CL-VaPUC
005 20220315074419.0
008 030328e20010000ag 1 spa d
082 0 4 |a 344.046  |b HUM  |2 21 
245 1 0 |a Humanismo ambiental: terceras jornadas de reflexión 
260 |a Córdoba  |b Academia Nacional de Derecho y Ciencias Sociales de Córdoba  |c 2001 
300 |a 166 p 
583 |a last modification  |c 20190822 01:36:09  |k Rodrigo Vera 
650 0 0 |a Medio ambiente  |9 257625 
650 0 0 |a Derecho ambiental   |9 257835 
650 0 0 |a Protección del medio ambiente  |9 257626 
650 0 0 |a Congresos  |9 257560 
942 |c BK 
945 |a rbrito  |d 20030328 00:00:00 
546 |a En Español 
536 |a Academia Nacional de Derecho y Ciencias Sociales de Córdoba 
518 |p Jornadas de Reflexión, 3, Córdoba, 2001 
999 |c 383852  |d 383850 
952 |0 0  |1 0  |4 0  |6 344_046000000000000_HUM_2001  |7 0  |8 A  |9 506145  |a BIBDER  |b BIBDER  |d 2020-01-23  |i 3749592  |o 344.046 HUM 2001  |p 3749592  |r 2023-01-25  |w 2020-01-23  |y BK  |k DER 
952 |0 0  |1 0  |4 0  |6 344_046000000000000_HUM_2001  |7 0  |8 A  |9 506146  |a BIBDER  |b BIBDER  |d 2020-01-23  |i 4481658  |o 344.046 HUM 2001  |p 4481658  |r 2023-01-25  |w 2020-01-23  |y BK  |k DER